000 00638nam a22002417a 4500
003 UA-OsUOA
001 127763
007 ta
008 20171213b un ||||| |||| 00| 0 ukr d
100 _aКоренчук В.
090 _a821.161.2
_bК66
942 _cBK
040 _aUA-OsUOA
_bukr
_cUA-OsUOA
_dUA-OsUOA
245 _aЛицар тихого полювання
_bроман
300 _a246 с.
955 _a3
041 _aukr
080 _a821.161.2
020 _a966-8331-21-4
260 _aК.
_bДіокор
_c2006
650 7 _a82 Література. Літературознавство
_2UDC
999 _c414997
_d414997